Environmental indicators : a systematic approach to measuring and reporting on environmental policy performance in the context of sustainable development

Αποθηκεύτηκε σε:
Λεπτομέρειες βιβλιογραφικής εγγραφής
Κύριος συγγραφέας: Hammond, Allen L.
Συγγραφή απο Οργανισμό/Αρχή: World Resources Institute
Μορφή: Βιβλίο
Γλώσσα:English
Δημοσίευση: Washington : World Resources Institute, 1995
Θέματα:
Ετικέτες: Προσθήκη ετικέτας
Δεν υπάρχουν, Καταχωρήστε ετικέτα πρώτοι!

MARC

LEADER 00000nam a2200000 i 4500
001 1/11746
008 980428s1995 eng d
020 |a 1-56973-026-1 
035 |l 10018368 
040 |a GR-MY-UA  |b gre  |e aacr 
041 0 |a eng 
082 0 |a 333.7 
100 1 |a Hammond, Allen L. 
245 1 0 |a Environmental indicators :  |b a systematic approach to measuring and reporting on environmental policy performance in the context of sustainable development /  |c Allen Hammond ...[et al.] 
260 |a Washington :   |b World Resources Institute,   |c 1995 
300 |a viii, 51 p.  |b ill. 
650 0 0 |a Environmental indicators. 
650 0 0 |a Sustainable development. 
710 2 |a World Resources Institute. 
852 |a INST  |b LESVOS  |e 19980428  |h 333.7 ENV  |p 005100025532  |q 005100025532  |t BK  |y 0 
901 |a BIBL1-2000-3 
909 |a Λ  |b 054499 
922 |a 1ΕΛΗ  |b 199803  |c ΤΑΚ/ΣΚΟΥΡΤΟΣ  |d ΠΑΠΑΣΩΤΗΡΙΟΥ 
950 |a 054/1996-02-06 
970 |a ΤΖΑΦΕΡΗ  |b ΕΥΑΓΓΕΛΙΑ  |z 2000/09/20